[Event "FIDE Online Nations Cup - Cina-Stati Uniti"]
[Site "Internet"]
[Date "09.05.2020"]
[Round "10"]
[Board "2"]
[White "Caruana, Fabiano"]
[Black "Wang, Hao"]
[Result "1-0"]
[WhiteTitle "GM"]
[BlackTitle "GM"]
[WhiteElo "2835"]
[BlackElo "2763"]
[WhiteTeam "USA"]
[BlackTeam "China"]
[WhiteFideId "2020009"]
[BlackFideId "8602883"]
[EventDate "2020.05.05"]

1. e4 e5 2. Nf3 Nf6 3. Nxe5 d6 4. Nf3 Nxe4 5. Nc3 Nxc3 6. dxc3 Be7 7. Be3 O-O 8.
Qd2 Nd7 9. O-O-O Nf6 10. Bd3 c5 11. Rhe1 Be6 12. Bf4 d5 13. Ng5 Bg4 14. f3 Bd7
15. c4 d4 16. h4 Re8 17. g4 Bc6 18. Qh2 Qa5 19. a3 Bf8 20. Bd2 Qb6 21. Qf4 Bd7
22. Bxh7+ Kh8 23. Bf5 Bxf5 24. Qxf5 Kg8 25. h5 Qc6 26. Nxf7 Kxf7 27. g5 Qd7 28.
Qg6+ 1-0

[Event "FIDE Online Nations Cup - Cina-Stati Uniti"]
[Site "Internet"]
[Date "09.05.2020"]
[Round "10"]
[Board "3"]
[White "Yu, Yangyi"]
[Black "So, Wesley"]
[Result "0-1"]
[WhiteTitle "GM"]
[BlackTitle "GM"]
[WhiteElo "2709"]
[BlackElo "2770"]
[WhiteTeam "China"]
[BlackTeam "USA"]
[WhiteFideId "8603820"]
[BlackFideId "5202213"]
[EventDate "2020.05.05"]

1. e4 e5 2. Nf3 Nc6 3. Bb5 Nf6 4. O-O Nxe4 5. Re1 Nd6 6. Nxe5 Be7 7. Bf1 Nxe5 8.
Rxe5 O-O 9. d4 Bf6 10. Re1 Re8 11. c3 Rxe1 12. Qxe1 Ne8 13. a4 d5 14. a5 Nd6 15.
Bf4 Bf5 16. Nd2 Bg5 17. Qe3 Bxf4 18. Qxf4 Qd7 19. Nb3 Re8 20. Nc5 Qc8 21. a6 b6
22. Nb7 Ne4 23. Re1 Bd7 24. c4 Nf6 25. Rc1 Bc6 26. c5 Re4 27. Qg3 Bxb7 28. cxb6
Bxa6 29. Rxc7 Qe8 30. Bxa6 Re1+ 31. Bf1 axb6 32. Qd3 g6 33. f3 Qa4 34. Kf2 Rd1
35. Qc3 Kg7 36. Bd3 Rh1 37. b3 Qa2+ 38. Bc2 Qa3 39. Qe3 Qa1 40. Kg3 Re1 41. Qc3
Nh5+ 42. Kf2 Rf1+ 43. Ke3 Qc1+ 44. Qd2 Re1+ 45. Kd3 Nf4+ 46. Kc3 Re3+ 0-1

[Event "FIDE Online Nations Cup - Cina-Stati Uniti"]
[Site "Internet"]
[Date "09.05.2020"]
[Round "10"]
[Board "4"]
[White "Krush, Irina"]
[Black "Ju, Wenjun"]
[Result "1/2-1/2"]
[WhiteTitle "GM"]
[BlackTitle "GM"]
[WhiteElo "2429"]
[BlackElo "2560"]
[WhiteTeam "USA"]
[BlackTeam "China"]
[WhiteFideId "2012782"]
[BlackFideId "8603006"]
[EventDate "2020.05.05"]

1. d4 Nf6 2. c4 e6 3. Nc3 Bb4 4. e3 O-O 5. Bd3 d5 6. Ne2 c5 7. a3 Bxc3+ 8. bxc3
b6 9. cxd5 exd5 10. O-O Ba6 11. f3 Bxd3 12. Qxd3 Re8 13. Ng3 Nc6 14. Bb2 h5 15.
Rae1 Rc8 16. e4 cxd4 17. cxd4 dxe4 18. fxe4 Ne5 19. Qb3 Nc4 20. d5 Nxb2 21. Qxb2
Qd6 22. e5 Qc5+ 23. Kh1 Nxd5 24. Nxh5 Re6 25. Qe2 Rf8 26. Qg4 Rg6 27. Qf3 Rh6
28. Ng3 Ne7 29. Re4 Qc6 30. Qf2 Qe6 31. Re3 b5 32. Qe2 Qc4 33. Qf2 Qe6 34. Qe2
Qc4 35. Qf2 Qe6 1/2-1/2